[Event "Dortmund op"]
[Site "Dortmund"]
[Date "2006.03.23"]
[Round "9.17"]
[White "Roelz, Marcus"]
[Black "Ziemek, Gerhard"]
[Result "1-0"]
[WhiteElo "1674"]
[BlackElo "1591"]
[PlyCount "89"]
[EventDate "2006.03.06"]
[EventType "swiss"]
[EventRounds "9"]
[EventCountry "GER"]
[SourceTitle "CBM 111 Extra"]
[Source "ChessBase"]
[SourceDate "2006.05.09"]
[SourceVersion "1"]
[SourceVersionDate "2006.05.09"]
[SourceQuality "1"]

1. d4 Nf6 2. Bf4 d5 3. Nf3 e6 4. e3 Be7 5. Nbd2 c5 6. Be2 0-0 7. 0-0 Nc6 8. c3 a6 9. Rc1 Nh5 10. Be5 f6 11. Bg3 Nxg3 12. fxg3 e5 13. Kh1 b5 14. a4 bxa4 15. Qxa4 Bd7 16. Qa2 c4 17. e4 dxe4 18. Bxc4+ Kh8 19. Nxe4 Bf5 20. Nfd2 Bxe4 21. Nxe4 exd4 22. Bd5 Qb6 23. Qa4 Rac8 24. cxd4 Nxd4 25. Rxc8 Rxc8 26. Re1 Rd8 27. Ng5 fxg5 28. Rxe7 Nb5 29. Qe4 Qb8 30. h3 Rf8 31. Kh2 Nd6 32. Qe5 Nf5 33. Re6 Qxe5 34. Rxe5 g6 35. Bc4 Rf6 36. g4 Nd4 37. b3 Rb6 38. Re3 Rf6 39. Re4 Rb6 40. Rxd4 h5 41. gxh5 gxh5 42. Rd5 Rg6 43. Rd8+ Kg7 44. Rg8+ Kf6 45. Rxg6+ 1-0

[Event "Dortmund op"]
[Site "Dortmund"]
[Date "2006.03.13"]
[Round "4.11"]
[White "Hoppe, Dirk"]
[Black "Roelz, Marcus"]
[Result "1-0"]
[WhiteElo "1861"]
[BlackElo "1674"]
[PlyCount "85"]
[EventDate "2006.03.06"]
[EventType "swiss"]
[EventRounds "9"]
[EventCountry "GER"]
[SourceTitle "CBM 111 Extra"]
[Source "ChessBase"]
[SourceDate "2006.05.09"]
[SourceVersion "1"]
[SourceVersionDate "2006.05.09"]
[SourceQuality "1"]

1. e4 e5 2. Nf3 Nf6 3. Nc3 Nc6 4. d4 exd4 5. Nd5 Be7 6. Bf4 d6 7. Nxd4 Nxd4 8. Qxd4 0-0 9. Nxe7+ Qxe7 10. f3 Nh5 11. Be3 Be6 12. 0-0-0 Qh4 13. Kb1 f5 14. exf5 Qxd4 15. Bxd4 Bd7 16. Bc4+ Kh8 17. Rhe1 Rae8 18. Rxe8 Rxe8 19. Bf7 Re2 20. Bxh5 Bxf5 21. Rc1 Rxg2 22. Rg1 Bxc2+ 23. Kc1 Rxg1+ 24. Bxg1 Ba4 25. Bxa7 c6 26. Bg4 Bb5 27. Kd2 g6 28. Bc8 Ba6 29. Bb8 d5 30. Ke3 Kg7 31. f4 Kf6 32. Kd4 Ke7 33. Bc7 Kf6 34. Bd8+ Kf7 35. Ke5 Kg7 36. Bb6 Kf7 37. h4 Kg7 38. a3 Kh6 39. b4 Kh5 40. Bf2 Kh6 41. Kd6 Kg7 42. Kc7 Kf6 43. Bxb7 1-0